Vista normal
Vista MARC
Entrada Topical Term
Número de registros utilizados en: 1
001 - CONTROL NUMBER
- control field: 40475
003 - CONTROL NUMBER IDENTIFIER
- control field: OSt
005 - DATE AND TIME OF LATEST TRANSACTION
- control field: 20210915150459.0
008 - FIXED-LENGTH DATA ELEMENTS
- fixed length control field: 210915|| aca||aabn | a|a d
040 ## - CATALOGING SOURCE
- Original cataloging agency: OSt
- Transcribing agency: OSt
150 ## - HEADING--TOPICAL TERM
- Topical term or geographic name entry element: Cuentos uruguayos
- Chronological subdivision: Siglos XIX-XX
670 ## - SOURCE DATA FOUND
- Source citation: Work cat.: (OSt): Quiroga, Horacio, autor 40474, Anaconda y otros cuentos / , 2011